[Event "FIDE World Bl Team Pool D"]
[Site "Almaty"]
[Date "2024.08.05"]
[Round "6.11"]
[White "Amangeldinov, Alkey"]
[Black "Khotenashvili, Bela"]
[Result "0-1"]
[WhiteElo "1721"]
[BlackElo "2427"]
[PlyCount "84"]
[EventDate "2024.08.05"]
[EventType "team (blitz)"]
[EventRounds "7"]
[EventCountry "KAZ"]
[SourceTitle "CBM 221 Extra"]
[Source "ChessBase"]
[SourceDate "2024.09.30"]
[SourceVersion "1"]
[SourceVersionDate "2024.09.30"]
[SourceQuality "1"]
[WhiteTeam "KRG Team"]
[BlackTeam "Ashdod"]
[WhiteTeamCountry "KAZ"]
[BlackTeamCountry "ISR"]

1. d4 Nf6 2. c4 g6 3. Nc3 c5 4. d5 e6 5. Nf3 exd5 6. cxd5 d6 7. g3 Bg7 8. Bg2 0-0 9. 0-0 Re8 10. Nd2 Nbd7 11. a4 b6 12. Nc4 Ne5 13. Na3 a6 14. h3 Rb8 15. f4 Ned7 16. e4 Qc7 17. Kh2 c4 18. Qe2 b5 19. axb5 axb5 20. Naxb5 Qb6 21. Qxc4 Ba6 22. Qc6 Bxb5 23. Qxb6 Rxb6 24. Be3 Rbb8 25. Nxb5 Rxb5 26. Bd4 Nxe4 27. Bxg7 Kxg7 28. Rfe1 Ndc5 29. Ra7 Rxb2 30. Kg1 h5 31. h4 Rb4 32. Rc7 Reb8 33. Rc6 Rb1 34. Rxb1 Rxb1+ 35. Kh2 Rb2 36. Kg1 Nxg3 37. Rxd6 Ne2+ 38. Kh1 Nxf4 39. Bf3 Ncd3 40. Rc6 Ne5 41. Rc3 Nxf3 42. Rxf3 Nxd5 0-1

[Event "FIDE World Bl Team Pool D"]
[Site "Almaty"]
[Date "2024.08.05"]
[Round "3.11"]
[White "Kiribayeva, Togzhan"]
[Black "Amangeldinov, Alkey"]
[Result "1-0"]
[WhiteElo "1544"]
[BlackElo "1721"]
[PlyCount "117"]
[EventDate "2024.08.05"]
[EventType "team (blitz)"]
[EventRounds "7"]
[EventCountry "KAZ"]
[SourceTitle "CBM 221 Extra"]
[Source "ChessBase"]
[SourceDate "2024.09.30"]
[SourceVersion "1"]
[SourceVersionDate "2024.09.30"]
[SourceQuality "1"]
[WhiteTeam "Abai Gambit Pioneers"]
[BlackTeam "KRG Team"]
[WhiteTeamCountry "KAZ"]
[BlackTeamCountry "KAZ"]

1. e4 c6 2. d3 d5 3. Nd2 e5 4. g3 Bd6 5. Ngf3 Nf6 6. Bg2 0-0 7. 0-0 Nbd7 8. Re1 dxe4 9. dxe4 Re8 10. Nc4 Bc7 11. Bg5 Qe7 12. c3 b5 13. Ncd2 a5 14. Be3 Ba6 15. Qc2 Bb6 16. Nf1 Rad8 17. Bxb6 Nxb6 18. Ne3 g6 19. Rad1 Bb7 20. Nd2 Rd7 21. c4 b4 22. c5 Na8 23. Ndc4 Rxd1 24. Rxd1 Nc7 25. Nxa5 Ba8 26. Qc4 Rd8 27. Rxd8+ Qxd8 28. Qxb4 Ne6 29. Nac4 Qd4 30. Qb8+ Qd8 31. Qxd8+ Nxd8 32. Nxe5 Ne6 33. b4 Nd4 34. Kf1 Bb7 35. Ke1 Kf8 36. Kd2 Ke7 37. Kc3 Ne6 38. N3c4 Nh5 39. Nd6 Ba8 40. Ndxf7 Kf6 41. f4 Nc7 42. Nd8 Nb5+ 43. Kc4 Na7 44. Bf3 Ng7 45. Ndf7 g5 46. Nd6 gxf4 47. gxf4 Ne6 48. Ng4+ Ke7 49. f5 Ng5 50. Bg2 Nf7 51. Nxf7 Kxf7 52. e5 Nc8 53. a4 Ne7 54. f6 Nf5 55. b5 h5 56. Bxc6 Bxc6 57. bxc6 Ke6 58. Nf2 Kxe5 59. c7 1-0

[Event "FIDE World Bl Team Pool D"]
[Site "Almaty"]
[Date "2024.08.05"]
[Round "7.5"]
[White "Muzychuk, Anna"]
[Black "Amangeldinov, Alkey"]
[Result "1-0"]
[WhiteElo "2525"]
[BlackElo "1721"]
[PlyCount "131"]
[EventDate "2024.08.05"]
[EventType "team (blitz)"]
[EventRounds "7"]
[EventCountry "KAZ"]
[SourceTitle "CBM 221 Extra"]
[Source "ChessBase"]
[SourceDate "2024.09.30"]
[SourceVersion "1"]
[SourceVersionDate "2024.09.30"]
[SourceQuality "1"]
[WhiteTeam "Chessy"]
[BlackTeam "KRG Team"]
[WhiteTeamCountry "FRA"]
[BlackTeamCountry "KAZ"]

1. e4 c6 2. d4 d5 3. exd5 cxd5 4. c4 Nf6 5. Nc3 e6 6. Nf3 Bb4 7. cxd5 Nxd5 8. Bd2 Nc6 9. Bd3 0-0 10. 0-0 Be7 11. Be4 Bf6 12. Be3 Nce7 13. Rc1 Bd7 14. Qd3 g6 15. Bxd5 Nxd5 16. Nxd5 exd5 17. Ne5 Be6 18. Rfe1 Qb6 19. b3 Rac8 20. h3 Bg7 21. Qd2 Rfe8 22. h4 h5 23. Rxc8 Rxc8 24. Rc1 Rxc1+ 25. Qxc1 Qa6 26. Qc2 Bxe5 27. dxe5 Bf5 28. Qd2 Qc6 29. Bxa7 b6 30. Qe3 b5 31. Bc5 Qa6 32. Qd2 Qc6 33. Qb4 Qe6 34. Bd4 Qc6 35. Bc5 Qe6 36. Bd6 Bd3 37. Qc3 Be4 38. f3 Bf5 39. a4 bxa4 40. bxa4 Qd7 41. Qd4 Qc6 42. a5 Qb5 43. Qb6 Qxb6+ 44. axb6 Bc8 45. Be7 Bb7 46. Kf2 f6 47. exf6 Kf7 48. Ke3 Ke6 49. Kd4 Ba8 50. Kc5 Bb7 51. g4 Ba8 52. Kd4 Bb7 53. g5 Ba8 54. Bd8 Bb7 55. Bc7 Bc6 56. Kc5 Bb7 57. Bg3 Ba8 58. Bf2 Bb7 59. Bd4 Ba8 60. Kb4 Bb7 61. Kb5 Kf7 62. f4 Ke6 63. f5+ gxf5 64. g6 f4 65. f7 Ke7 66. Bc5+ 1-0

[Event "FIDE World Bl Team Pool D"]
[Site "Almaty"]
[Date "2024.08.05"]
[Round "5.11"]
[White "Nauanova, Zhaniya"]
[Black "Amangeldinov, Alkey"]
[Result "0-1"]
[WhiteElo "1835"]
[BlackElo "1721"]
[PlyCount "64"]
[EventDate "2024.08.05"]
[EventType "team (blitz)"]
[EventRounds "7"]
[EventCountry "KAZ"]
[SourceTitle "CBM 221 Extra"]
[Source "ChessBase"]
[SourceDate "2024.09.30"]
[SourceVersion "1"]
[SourceVersionDate "2024.09.30"]
[SourceQuality "1"]
[WhiteTeam "Future GM"]
[BlackTeam "KRG Team"]
[WhiteTeamCountry "KAZ"]
[BlackTeamCountry "KAZ"]

1. c4 c6 2. d4 d5 3. cxd5 cxd5 4. Nc3 Nf6 5. Nf3 Nc6 6. Bd2 a6 7. Rc1 Bf5 8. Ne5 e6 9. Qa4 Qb6 10. e4 dxe4 11. Bb5 Rc8 12. Bxc6+ bxc6 13. Be3 Bb4 14. d5 Qb5 15. Qb3 exd5 16. a3 Bxc3+ 17. Qxc3 0-0 18. Bd4 Rc7 19. b4 Rfc8 20. Qg3 Bg6 21. h4 a5 22. Bc3 axb4 23. axb4 Nh5 24. Qe3 c5 25. bxc5 Rxc5 26. Nxg6 hxg6 27. Qd4 Nf6 28. g4 Qc4 29. Qxc4 Rxc4 30. Kd2 Nxg4 31. Rhg1 Nxf2 32. h5 Nd3 0-1

[Event "FIDE World Rapid Team"]
[Site "Almaty"]
[Date "2024.08.04"]
[Round "12.41"]
[White "Adilbekuly, Altair"]
[Black "Amangeldinov, Alkey"]
[Result "0-1"]
[WhiteElo "1694"]
[BlackElo "1721"]
[PlyCount "106"]
[EventDate "2024.08.02"]
[EventType "team (rapid)"]
[EventRounds "12"]
[EventCountry "KAZ"]
[SourceTitle "CBM 221 Extra"]
[Source "ChessBase"]
[SourceDate "2024.09.30"]
[SourceVersion "1"]
[SourceVersionDate "2024.09.30"]
[SourceQuality "1"]
[WhiteTeam "Chess Empire"]
[BlackTeam "KRG Team"]
[WhiteTeamCountry "KAZ"]
[BlackTeamCountry "KAZ"]

1. e4 c6 2. d4 d5 3. e5 c5 4. dxc5 e6 5. Be3 Nh6 6. Nf3 Nf5 7. Bd4 Bd7 8. Nc3 Nc6 9. Be2 Nfxd4 10. Nxd4 Bxc5 11. Nf3 0-0 12. 0-0 Rc8 13. a3 Bb6 14. Re1 a6 15. Bd3 g6 16. h4 Nd4 17. h5 Nxf3+ 18. Qxf3 Qg5 19. Ne2 f6 20. Qg3 Qxg3 21. Nxg3 fxe5 22. hxg6 Bxf2+ 23. Kh2 Bxe1 24. gxh7+ Kh8 25. Rxe1 e4 26. Be2 Kxh7 27. c3 Rf6 28. Bg4 Rh6+ 29. Bh3 Rf8 30. Kg1 Rg8 31. Kh2 e5 32. Rf1 Bxh3 33. gxh3 Rhg6 34. Nh5 Kh6 35. Nf6 Rf8 36. Ng4+ Kg7 37. Rd1 Rd8 38. Nxe5 Re6 39. Ng4 e3 40. Re1 e2 41. Kg2 d4 42. cxd4 Rxd4 43. Kf2 Rf4+ 44. Kg2 Rd4 45. Kf2 Rd1 46. Rxe2 Rxe2+ 47. Kxe2 Rb1 48. b4 Rb3 49. h4 Rxa3 50. h5 Rb3 51. h6+ Kh7 52. Kf2 Rxb4 53. Kg3 Rxg4+ 0-1

[Event "FIDE World Rapid Team"]
[Site "Almaty"]
[Date "2024.08.03"]
[Round "5.30"]
[White "Amangeldinov, Alkey"]
[Black "Sholpanbek, Zhansaya"]
[Result "0-1"]
[WhiteElo "1721"]
[BlackElo "1752"]
[PlyCount "72"]
[EventDate "2024.08.02"]
[EventType "team (rapid)"]
[EventRounds "12"]
[EventCountry "KAZ"]
[SourceTitle "CBM 221 Extra"]
[Source "ChessBase"]
[SourceDate "2024.09.30"]
[SourceVersion "1"]
[SourceVersionDate "2024.09.30"]
[SourceQuality "1"]
[WhiteTeam "KRG Team"]
[BlackTeam "TKM Chess"]
[WhiteTeamCountry "KAZ"]
[BlackTeamCountry "TKM"]

1. d4 Nf6 2. c4 g6 3. Nc3 Bg7 4. e4 d6 5. h3 0-0 6. Be3 Nbd7 7. g4 e5 8. d5 b6 9. Nf3 Nc5 10. Qc2 a5 11. Be2 a4 12. 0-0-0 Bd7 13. Nd2 a3 14. b3 Be8 15. h4 Na6 16. Rdg1 Rc8 17. h5 c6 18. g5 Nb4 19. Qd1 Nfxd5 20. exd5 cxd5 21. Nf3 dxc4 22. bxc4 d5 23. Rh4 Qd6 24. Qd2 Na6 25. Kd1 Qb4 26. Ke1 d4 27. Nxd4 exd4 28. Bxd4 Rd8 29. f3 Bc6 30. Kf2 Rxd4 31. Rxd4 Qc5 32. Rd1 Rd8 33. Kg2 Rxd4 34. Qe3 Rg4+ 35. Kf2 Rg2+ 36. Kxg2 Qxe3 0-1

[Event "FIDE World Rapid Team"]
[Site "Almaty"]
[Date "2024.08.03"]
[Round "7.30"]
[White "Muratova, Saltanat"]
[Black "Amangeldinov, Alkey"]
[Result "1/2-1/2"]
[WhiteElo "1845"]
[BlackElo "1721"]
[PlyCount "114"]
[EventDate "2024.08.02"]
[EventType "team (rapid)"]
[EventRounds "12"]
[EventCountry "KAZ"]
[SourceTitle "CBM 221 Extra"]
[Source "ChessBase"]
[SourceDate "2024.09.30"]
[SourceVersion "1"]
[SourceVersionDate "2024.09.30"]
[SourceQuality "1"]
[WhiteTeam "Chess Mates"]
[BlackTeam "KRG Team"]
[WhiteTeamCountry "KAZ"]
[BlackTeamCountry "KAZ"]

1. e4 c6 2. Nc3 d5 3. Nf3 Bg4 4. h3 Bxf3 5. Qxf3 Nf6 6. exd5 cxd5 7. d4 Nc6 8. Be3 e6 9. a3 Rc8 10. g4 Qa5 11. Bd3 Bb4 12. Kd2 Bxc3+ 13. bxc3 e5 14. Bf5 Rc7 15. Rhe1 0-0 16. dxe5 Nxe5 17. Qg3 Qxc3+ 18. Ke2 Ne4 19. Bxe4 dxe4 20. Kf1 Nf3 21. Red1 Rd7 22. Rdc1 Rfd8 23. Kg2 g6 24. Rab1 b6 25. Qf4 Qe5 26. Qxe5 Nxe5 27. Rb4 f5 28. Bg5 Rc8 29. Bf4 Nf3 30. Rb5 Nd4 31. Re5 Nf3 32. Re6 Kf7 33. gxf5 gxf5 34. Rh6 Rg8+ 35. Kh1 Rg7 36. c4 Rd8 37. Rc6 Rdg8 38. Bg3 f4 39. Rc7+ Ke6 40. Rxg7 Rxg7 41. Bxf4 Kf5 42. Bg3 h5 43. h4 e3 44. Kg2 Nxh4+ 45. Kh3 Nf3 46. fxe3 h4 47. Bf4 Ke4 48. c5 bxc5 49. Rxc5 Rg1 50. Ra5 Rh1+ 51. Kg4 Rg1+ 52. Kh3 Rh1+ 53. Kg4 Rg1+ 54. Kh3 Rh1+ 55. Kg4 Rg1+ 56. Kh3 Rg7 57. Ra6 Rg1 1/2-1/2

[Event "FIDE World Rapid Team"]
[Site "Almaty"]
[Date "2024.08.02"]
[Round "4.23"]
[White "Amangeldinov, Alkey"]
[Black "Kim, Kristina"]
[Result "0-1"]
[WhiteElo "1721"]
[BlackElo "1943"]
[PlyCount "134"]
[EventDate "2024.08.02"]
[EventType "team (rapid)"]
[EventRounds "12"]
[EventCountry "KAZ"]
[SourceTitle "CBM 221 Extra"]
[Source "ChessBase"]
[SourceDate "2024.09.30"]
[SourceVersion "1"]
[SourceVersionDate "2024.09.30"]
[SourceQuality "1"]
[WhiteTeam "KRG Team"]
[BlackTeam "Storm of Dragons"]
[WhiteTeamCountry "KAZ"]
[BlackTeamCountry "KAZ"]

1. d4 f5 2. c4 Nf6 3. Nf3 g6 4. g3 Bg7 5. Bg2 d6 6. 0-0 0-0 7. Nc3 c6 8. Re1 Ne4 9. Qd3 Nxc3 10. Qxc3 c5 11. Qd3 Nc6 12. d5 Ne5 13. Nxe5 dxe5 14. Bd2 e4 15. Qc2 Qd6 16. Bc3 Bd7 17. e3 Rab8 18. Bxg7 Kxg7 19. Bf1 Qe5 20. Rab1 h5 21. Qc3 Qxc3 22. bxc3 Kf6 23. Rb2 Ke5 24. Reb1 b6 25. a4 h4 26. a5 hxg3 27. hxg3 Rf6 28. Be2 Rd6 29. f3 exf3 30. Bxf3 g5 31. Kf2 Rh6 32. Bg2 e6 33. axb6 axb6 34. Rxb6 Ra8 35. R1b2 Ra3 36. R6b3 Ra4 37. Rb7 Bc8 38. Rc7 Ba6 39. Rb6 Bxc4 40. Rxc5 Ra2+ 41. Kg1 Ra1+ 42. Kf2 Ra2+ 43. Kg1 Rxg2+ 44. Kxg2 Bxd5+ 45. Kf2 Rh2+ 46. Kg1 Rc2 47. c4 Rxc4 48. Rxc4 Bxc4 49. Kf2 Bd5 50. Rb4 Be4 51. Ke2 Kd5 52. Rb5+ Kc4 53. Re5 Bd5 54. Kf2 g4 55. e4 Kd4 56. exd5 Kxe5 57. dxe6 Kxe6 58. Ke2 Kd5 59. Kd3 Ke5 60. Ke3 Kf6 61. Kd4 Ke6 62. Kd3 Kd5 63. Ke3 Ke5 64. Kd3 f4 65. gxf4+ Kxf4 66. Ke2 Kg3 67. Kf1 Kh2 0-1

[Event "FIDE World Rapid Team"]
[Site "Almaty"]
[Date "2024.08.02"]
[Round "3.36"]
[White "Niyazbek, Nurtileu"]
[Black "Amangeldinov, Alkey"]
[Result "1-0"]
[WhiteElo "1578"]
[BlackElo "1721"]
[PlyCount "42"]
[EventDate "2024.08.02"]
[EventType "team (rapid)"]
[EventRounds "12"]
[EventCountry "KAZ"]
[SourceTitle "CBM 221 Extra"]
[Source "ChessBase"]
[SourceDate "2024.09.30"]
[SourceVersion "1"]
[SourceVersionDate "2024.09.30"]
[SourceQuality "1"]
[WhiteTeam "VKO Team"]
[BlackTeam "KRG Team"]
[WhiteTeamCountry "KAZ"]
[BlackTeamCountry "KAZ"]

1. e4 c6 2. d4 d5 3. exd5 cxd5 4. Nf3 Nf6 5. Bd3 Nc6 6. 0-0 Bg4 7. c3 e6 8. h3 Bxf3 9. Qxf3 h6 10. Bf4 Bd6 11. Nd2 0-0 12. Nb3 Rc8 13. Rfe1 Bxf4 14. Qxf4 Na5 15. g4 Nc4 16. Re2 Qd6 17. Qf3 Rfe8 18. Bxc4 dxc4 19. Nc5 b6 20. Ne4 Nd5 21. Nxd6 Ra8 1-0